00669 2200229 4500001002100000005001500021035002000036008004100056245009300097100002300190250001000213260003900223300003600262020002200298084001600320082001000336650001800346504002600364711002700390990001100417990001100428INLIS00000000001173720220620100546 a0010-0622000247220620 a 0 ind 1 aHadits Arba'in An-Nawawiyah For Kids /cIkhlas Hibatillah; editor, Tim Banu Bakti Bangsa aIKHLAS, Hibatillah acet.1 a[s.l.] :bSenja Media Utama,c2019 aiv, 110 hal. :bilus. ;c26 cm. a978-602-6563-88-0 a297.2 IKH h a297.2 4aISLAM. HADITS aBibliografi : hal.1100 aTIM, Banu Bakti Bangsa a7624 a a7624 b